<?xml version="1.0" encoding="UTF-8"?>
<collection xmlns:xsi="http://www.w3.org/2001/XMLSchema-instance" xsi:schemaLocation="http://www.loc.gov/MARC21/slim http://www.loc.gov/standards/marcxml/schema/MARC21slim.xsd" xmlns="http://www.loc.gov/MARC21/slim">
 <record>
  <leader>00000cmm a22000004a 4500</leader>
  <controlfield tag="001">UP-99796217611273034</controlfield>
  <controlfield tag="003">Buklod</controlfield>
  <controlfield tag="005">20241119092017.0</controlfield>
  <controlfield tag="006">m     o  j        </controlfield>
  <controlfield tag="007">cr |n |||auu|a</controlfield>
  <controlfield tag="008">241119s2011    xx     go  j        por| </controlfield>
  <datafield tag="020" ind1=" " ind2=" ">
   <subfield code="a">9788847018877 (eBook)</subfield>
  </datafield>
  <datafield tag="035" ind1=" " ind2=" ">
   <subfield code="a">(iLib)UPD-00217904163</subfield>
  </datafield>
  <datafield tag="040" ind1=" " ind2=" ">
   <subfield code="a">DMLR</subfield>
   <subfield code="b">spa</subfield>
   <subfield code="e">rda</subfield>
  </datafield>
  <datafield tag="041" ind1="1" ind2=" ">
   <subfield code="a">spa</subfield>
   <subfield code="h">ita</subfield>
  </datafield>
  <datafield tag="042" ind1=" " ind2=" ">
   <subfield code="a">DMLUC</subfield>
  </datafield>
  <datafield tag="084" ind1=" " ind2=" ">
   <subfield code="a">QA 184.2</subfield>
   <subfield code="b">R63 2011eb</subfield>
  </datafield>
  <datafield tag="100" ind1="1" ind2=" ">
   <subfield code="a">Robbiano, Lorenzo.</subfield>
   <subfield code="e">author</subfield>
  </datafield>
  <datafield tag="240" ind1="1" ind2="0">
   <subfield code="a">Algera lineare per tutti.</subfield>
   <subfield code="l">Spanish.</subfield>
  </datafield>
  <datafield tag="245" ind1="1" ind2="0">
   <subfield code="a">Álgebra linear para todos</subfield>
   <subfield code="c">Lorenzo Robbiano.</subfield>
  </datafield>
  <datafield tag="264" ind1=" " ind2="1">
   <subfield code="a">Milan</subfield>
   <subfield code="b">Springer</subfield>
   <subfield code="c">c2011.</subfield>
  </datafield>
  <datafield tag="300" ind1=" " ind2=" ">
   <subfield code="a">1 online resource</subfield>
   <subfield code="b">illustrations</subfield>
  </datafield>
  <datafield tag="336" ind1=" " ind2=" ">
   <subfield code="a">text</subfield>
   <subfield code="2">rdacontent</subfield>
  </datafield>
  <datafield tag="337" ind1=" " ind2=" ">
   <subfield code="a">computer</subfield>
   <subfield code="2">rdamedia</subfield>
  </datafield>
  <datafield tag="338" ind1=" " ind2=" ">
   <subfield code="a">online resource</subfield>
   <subfield code="2">rdacarrier</subfield>
  </datafield>
  <datafield tag="520" ind1=" " ind2=" ">
   <subfield code="a">O objetivo deste livro é o de fornecer as primeiras ferramentas matemáticas associadas à Álgebra Linear. O texto foi elaborado por um matemático que procurou &quot;sair do seu personagem&quot; para vir ao encontro  de um público amplo. O desafio é o de tornar acessível a todos, os primeiros fundamentos e as primeiras técnicas de um saber fundamental para a ciência e a tecnologia. Com esse intuito, o autor escolheu escrevê-lo  em um estilo não tradicional e o enriqueceu não somente com exercícios, mas também com  frases de auto-referência, aforismos, citações, palíndromos  e problemas para serem resolvidos com a ajuda do computador. O livro é para todos, mas tem uma dedicação especial aos estudantes dos cursos de graduação em disciplinas científicas e aos professores  cujo texto poderá ser útil t</subfield>
  </datafield>
  <datafield tag="533" ind1=" " ind2=" ">
   <subfield code="a">Electronic reproduction.</subfield>
   <subfield code="b">New York</subfield>
   <subfield code="c">SpringerLink</subfield>
   <subfield code="d">c2011</subfield>
  </datafield>
  <datafield tag="650" ind1=" " ind2="0">
   <subfield code="a">Algebra.</subfield>
  </datafield>
  <datafield tag="856" ind1="4" ind2="0">
   <subfield code="y">Available for University of the Philippines System via SpringerLink</subfield>
   <subfield code="u">https://link.springer.com/book/10.1007/978-88-470-1887-7</subfield>
  </datafield>
  <datafield tag="905" ind1=" " ind2=" ">
   <subfield code="a">FO</subfield>
  </datafield>
  <datafield tag="852" ind1="0" ind2=" ">
   <subfield code="a">UPD</subfield>
   <subfield code="b">DMLR</subfield>
   <subfield code="h">QA 184.2</subfield>
   <subfield code="i">R63 2011eb</subfield>
  </datafield>
  <datafield tag="942" ind1=" " ind2=" ">
   <subfield code="a">Electronic Resource</subfield>
  </datafield>
 </record>
</collection>
